Modern database management (Record no. 6549)

000 -LEADER
fixed length control field 00503 a2200169 4500
020 ## - INTERNATIONAL STANDARD BOOK NUMBER
International Standard Book Number 0-8053-6054-9
040 ## - CATALOGING SOURCE
Original cataloging agency DLC
100 1# - MAIN ENTRY--PERSONAL NAME
Personal name McFadden, Fred R.
245 00 - TITLE STATEMENT
Title Modern database management
Statement of responsibility, etc. Fred R. McFadden, Jeffrey A. Hoffer, Mary B. Prescott
250 ## - EDITION STATEMENT
Edition statement 5. ed.
260 ## - PUBLICATION, DISTRIBUTION, ETC.
Place of publication, distribution, etc. New Delhi. :
Name of publisher, distributor, etc. Addison-Wesley,
Date of publication, distribution, etc. cop. 1999
300 ## - PHYSICAL DESCRIPTION
Extent xxvi, 622 s. :
Other physical details ill. ;
Dimensions 27 cm
650 #7 - SUBJECT ADDED ENTRY--TOPICAL TERM
Topical term or geographic name entry element Database management
700 1# - ADDED ENTRY--PERSONAL NAME
Personal name Hoffer, Jeffrey A.
700 1# - ADDED ENTRY--PERSONAL NAME
Personal name Prescott, Mary B.
942 ## - ADDED ENTRY ELEMENTS (KOHA)
Koha item type Book
Call number prefix 005.74 MCF
Source of classification or shelving scheme
Holdings
Withdrawn status Lost status Damaged status Not for loan Collection code Permanent Location Current Location Shelving location Date acquired Source of acquisition Cost, normal purchase price Total Checkouts Full call number Barcode Date last seen Price effective from Koha item type
          Central Library (CL) Central Library (CL) First Floor - Databases 04/25/2002 NIMS Photocopier Shop 675.00   005.74 MCF SEECS002093 11/14/2012 01/05/2017 Book
          Central Library (CL) Central Library (CL) First Floor - Databases 04/25/2002 NIMS Photocopier Shop 675.00   005.74 MCF SEECS002092 11/14/2012 01/05/2017 Book
          Central Library (CL) Central Library (CL) First Floor - Databases 01/16/2002 Academic Book Company 497.25   005.74 MCF SEECS001717 11/14/2012 01/05/2017 Book
© 2023 Central Library, National University of Sciences and Technology. All Rights Reserved.